Melawat Pameran Sains : Zabri Zakaria

Bibliographic Details
Main Author: Zabri Zakaria
Format: Book
Published: Petaling Jaya : Vital Star Sdn.Bhd , 1995
Series:Siri Cerita Alam Sains
Subjects:

MARC

LEADER 00000cam a2200000 7i4500
001 0000025039
005 20110816.0
008 101025 bm
020 |a 9830240355 
090 0 0 |a J 500 SIR 
100 1 |a Zabri Zakaria 
245 1 0 |a Melawat Pameran Sains :   |b Zabri Zakaria 
260 |a Petaling Jaya :   |b Vital Star Sdn.Bhd ,   |c 1995 
300 |a 30ms :   |b ill ;   |c 21.5cm. 
440 0 |a Siri Cerita Alam Sains 
650 0 0 |a Junior Fiction 
999 |a 0000090933   |b Buku   |c Koleksi Pinjaman Kanak-Kanak   |e Perpustakaan Cawangan Merlimau 
999 |a 0000411494   |b Buku   |c Koleksi Pinjaman Kanak-Kanak   |e Perpustakaan Cawangan Jasin 
999 |a 06418   |b Buku   |c Koleksi Pinjaman Kanak-Kanak   |e Perbadanan Perpustakaan Awam Melaka 
999 |a 08979   |b Buku   |c Koleksi Pinjaman Kanak-Kanak   |e Perbadanan Perpustakaan Awam Melaka 
999 |a 23355   |b Buku   |c Koleksi Pinjaman Kanak-Kanak   |e Perpustakaan Cawangan Masjid Tanah 
999 |a 25665   |b Buku   |c Koleksi Pinjaman Kanak-Kanak   |e Perpustakaan Cawangan Masjid Tanah 
999 |a 32992   |b Buku   |c Koleksi Pinjaman Kanak-Kanak   |e Perpustakaan Cawangan Jasin 
999 |a 5704   |b Buku   |c Koleksi Pinjaman Kanak-Kanak   |e Perpustakaan Cawangan Merlimau